| 000 | 00689nam a2200181Ii 4500 | ||
|---|---|---|---|
| 003 | JO-AjNU | ||
| 008 | 230605s9999||||xx |||||||||||||| ||und|| | ||
| 040 |
_aJO-AjNU _bara _erda _cJO-AjNU |
||
| 041 | _aara | ||
| 050 | 1 | 4 | _aQA76.9 2019 |
| 100 | 3 |
_aاعداد نور علي القضاة، وعد خرابشة؛ اشراف غازي الشقاح, _eauthor _958307 |
|
| 245 | 0 | 0 | _aانظمة التشفير وفك التشفير |
| 264 | 3 | 1 | _aعجلون: جامعة عجلون الوطنيه، 2019 |
| 336 |
_atext _btxt _2rdacontent |
||
| 337 |
_aunmediated _bn _2rdamedia |
||
| 338 |
_avolume _bnc _2rdacarrier |
||
| 650 | 4 |
_aالتشفير وفك التشفير - نظام حوسبة _958308 |
|
| 999 |
_aA26177 _c29745 _d29745 |
||